| 000 | 00492nam a2200169 i 4500 | ||
|---|---|---|---|
| 001 | 63494 | ||
| 003 | ES-MaACL | ||
| 005 | 20250918063028.0 | ||
| 007 | t| | ||
| 008 | 031211s1969 sp ||||1| spa d | ||
| 100 | 1 |
_aFerrer-Vidal, Jorge, _d1926- _950501 |
|
| 245 | 1 | 0 |
_aTambiƩn se muere en las amanecidas / _cJorge Ferrer-Vidal Turull. |
| 260 |
_aMadrid : _bEd. Nacional, _c1969. |
||
| 300 |
_a164 p. ; _c22 cm. |
||
| 852 |
_aES-MaACL _jC-36441 _bR.69811 |
||
| 999 |
_c63494 _d63494 |
||